<?xml version="1.0" encoding="UTF-8"?>
<record
    xmlns:xsi="http://www.w3.org/2001/XMLSchema-instance"
    xsi:schemaLocation="http://www.loc.gov/MARC21/slim http://www.loc.gov/standards/marcxml/schema/MARC21slim.xsd"
    xmlns="http://www.loc.gov/MARC21/slim">

  <leader>01561nam0a22003131  4500</leader>
  <controlfield tag="001">rc\294076</controlfield>
  <controlfield tag="005">20250621022942.0</controlfield>
  <datafield tag="010" ind1=" " ind2=" ">
    <subfield code="a">5-633-00471-X</subfield>
    <subfield code="9">5000</subfield>
  </datafield>
  <datafield tag="035" ind1=" " ind2=" ">
    <subfield code="a">(NLR Aleph) 005524948</subfield>
  </datafield>
  <datafield tag="090" ind1=" " ind2=" ">
    <subfield code="a">5548007</subfield>
    <subfield code="c">5548007</subfield>
  </datafield>
  <datafield tag="100" ind1=" " ind2=" ">
    <subfield code="a">20030307d1990    |||y0rusy50      ca</subfield>
  </datafield>
  <datafield tag="101" ind1="0" ind2=" ">
    <subfield code="a">rus</subfield>
  </datafield>
  <datafield tag="102" ind1=" " ind2=" ">
    <subfield code="a">RU</subfield>
  </datafield>
  <datafield tag="105" ind1=" " ind2=" ">
    <subfield code="a">y   |||||||||</subfield>
  </datafield>
  <datafield tag="200" ind1="1" ind2=" ">
    <subfield code="a">&#x412;&#x441;&#x442;&#x440;&#x435;&#x447;&#x430;</subfield>
    <subfield code="e">&#x421;&#x431;. &#x441;&#x442;&#x438;&#x445;&#x43E;&#x432;</subfield>
    <subfield code="f">[&#x420;&#x435;&#x434;.-&#x441;&#x43E;&#x441;&#x442;. &#x420;. &#x413;&#x443;&#x43C;&#x435;&#x440;&#x43E;&#x432;]</subfield>
  </datafield>
  <datafield tag="210" ind1=" " ind2=" ">
    <subfield code="a">&#x422;&#x430;&#x448;&#x43A;&#x435;&#x43D;&#x442;</subfield>
    <subfield code="c">&#x415;&#x448; &#x433;&#x432;&#x430;&#x440;&#x434;&#x438;&#x44F;</subfield>
    <subfield code="d">1990</subfield>
  </datafield>
  <datafield tag="215" ind1=" " ind2=" ">
    <subfield code="a">78, [2] &#x441;.</subfield>
    <subfield code="d">17</subfield>
  </datafield>
  <datafield tag="327" ind1="1" ind2=" ">
    <subfield code="a">&#x421;&#x43E;&#x434;&#x435;&#x440;&#x436;.: &#x417;&#x430; &#x43F;&#x43B;&#x435;&#x447;&#x430;&#x43C;&#x438; &#x432;&#x435;&#x441;&#x43D;&#x430; / &#x414;. &#x41F;&#x435;&#x442;&#x438;&#x43D;. &#x417;&#x432;&#x435;&#x437;&#x434;&#x430; &#x43D;&#x430;&#x434; &#x442;&#x43E;&#x43F;&#x43E;&#x43B;&#x44F;&#x43C;&#x438; / &#x411;. &#x420;&#x443;&#x437;&#x438;&#x43C;&#x443;&#x445;&#x430;&#x43C;&#x43C;&#x430;&#x434;. &#x417;&#x430; &#x43F;&#x440;&#x435;&#x434;&#x435;&#x43B;&#x43E;&#x43C; / &#x414;. &#x42F;&#x43A;&#x43E;&#x432;&#x43B;&#x435;&#x432;. &#x410;&#x43B;&#x44C;&#x431;&#x438;&#x43D;&#x43E;&#x441; / &#x42D;. &#x41C;&#x430;&#x43A;&#x441;&#x443;&#x43C;&#x43E;&#x432;. &#x41E;&#x431;&#x43B;&#x430;&#x43A;&#x43E; / &#x412;. &#x41B;&#x438;&#x432;&#x438;&#x435;&#x432;</subfield>
  </datafield>
  <datafield tag="464" ind1=" " ind2="0">
    <subfield code="1">2001#$a&#x417;&#x430; &#x43F;&#x43B;&#x435;&#x447;&#x430;&#x43C;&#x438; &#x432;&#x435;&#x441;&#x43D;&#x430;</subfield>
    <subfield code="1">700#1$a&#x41F;&#x435;&#x442;&#x438;&#x43D;$b&#x414;.</subfield>
    <subfield code="t">&#x417;&#x430; &#x43F;&#x43B;&#x435;&#x447;&#x430;&#x43C;&#x438; &#x432;&#x435;&#x441;&#x43D;&#x430;</subfield>
    <subfield code="a">&#x41F;&#x435;&#x442;&#x438;&#x43D;, &#x414;.</subfield>
  </datafield>
  <datafield tag="464" ind1=" " ind2="0">
    <subfield code="1">2001#$a&#x417;&#x432;&#x435;&#x437;&#x434;&#x430; &#x43D;&#x430;&#x434; &#x442;&#x43E;&#x43F;&#x43E;&#x43B;&#x44F;&#x43C;&#x438;</subfield>
    <subfield code="1">700#1$a&#x420;&#x443;&#x437;&#x438;&#x43C;&#x443;&#x445;&#x430;&#x43C;&#x43C;&#x430;&#x434;$b&#x411;.</subfield>
    <subfield code="t">&#x417;&#x432;&#x435;&#x437;&#x434;&#x430; &#x43D;&#x430;&#x434; &#x442;&#x43E;&#x43F;&#x43E;&#x43B;&#x44F;&#x43C;&#x438;</subfield>
    <subfield code="a">&#x420;&#x443;&#x437;&#x438;&#x43C;&#x443;&#x445;&#x430;&#x43C;&#x43C;&#x430;&#x434;, &#x411;.</subfield>
  </datafield>
  <datafield tag="464" ind1=" " ind2="0">
    <subfield code="1">2001#$a&#x417;&#x430; &#x43F;&#x440;&#x435;&#x434;&#x435;&#x43B;&#x43E;&#x43C;</subfield>
    <subfield code="1">700#1$a&#x42F;&#x43A;&#x43E;&#x432;&#x43B;&#x435;&#x432;$b&#x414;.</subfield>
    <subfield code="t">&#x417;&#x430; &#x43F;&#x440;&#x435;&#x434;&#x435;&#x43B;&#x43E;&#x43C;</subfield>
    <subfield code="a">&#x42F;&#x43A;&#x43E;&#x432;&#x43B;&#x435;&#x432;, &#x414;.</subfield>
  </datafield>
  <datafield tag="464" ind1=" " ind2="0">
    <subfield code="1">2001#$a&#x410;&#x43B;&#x44C;&#x431;&#x438;&#x43D;&#x43E;&#x441;</subfield>
    <subfield code="1">700#1$a&#x41C;&#x430;&#x43A;&#x441;&#x443;&#x43C;&#x43E;&#x432;$b&#x42D;.</subfield>
    <subfield code="t">&#x410;&#x43B;&#x44C;&#x431;&#x438;&#x43D;&#x43E;&#x441;</subfield>
    <subfield code="a">&#x41C;&#x430;&#x43A;&#x441;&#x443;&#x43C;&#x43E;&#x432;, &#x42D;.</subfield>
  </datafield>
  <datafield tag="464" ind1=" " ind2="0">
    <subfield code="1">2001#$a&#x41E;&#x431;&#x43B;&#x430;&#x43A;&#x43E;</subfield>
    <subfield code="1">700#1$a&#x41B;&#x438;&#x432;&#x438;&#x435;&#x432;$b&#x412;.</subfield>
    <subfield code="t">&#x41E;&#x431;&#x43B;&#x430;&#x43A;&#x43E;</subfield>
    <subfield code="a">&#x41B;&#x438;&#x432;&#x438;&#x435;&#x432;, &#x412;.</subfield>
  </datafield>
  <datafield tag="702" ind1=" " ind2="1">
    <subfield code="a">&#x413;&#x443;&#x43C;&#x435;&#x440;&#x43E;&#x432;</subfield>
    <subfield code="b">&#x420;.</subfield>
    <subfield code="g">&#x420;&#x438;&#x444;&#x430;&#x442;</subfield>
    <subfield code="4">340</subfield>
  </datafield>
  <datafield tag="801" ind1=" " ind2="0">
    <subfield code="a">RU</subfield>
    <subfield code="b">NLR</subfield>
    <subfield code="g">psbo</subfield>
  </datafield>
  <datafield tag="801" ind1=" " ind2="1">
    <subfield code="a">RU</subfield>
    <subfield code="b">ELAR</subfield>
    <subfield code="2">rusmarc</subfield>
  </datafield>
  <datafield tag="852" ind1=" " ind2=" ">
    <subfield code="a">NLR</subfield>
    <subfield code="j">90-2/3284</subfield>
  </datafield>
  <datafield tag="942" ind1=" " ind2=" ">
    <subfield code="c">BOOK</subfield>
  </datafield>
  <datafield tag="980" ind1=" " ind2=" ">
    <subfield code="a">NB</subfield>
  </datafield>
  <datafield tag="995" ind1=" " ind2=" ">
    <subfield code="5">2013-10-26</subfield>
    <subfield code="b">NLR01</subfield>
    <subfield code="c">NLR01</subfield>
    <subfield code="e">RF9</subfield>
    <subfield code="f">5524948-10</subfield>
    <subfield code="k">90-2/3284</subfield>
    <subfield code="o">0</subfield>
    <subfield code="r">BOOK</subfield>
    <subfield code="s">9023284_</subfield>
  </datafield>
</record>
